000 01509cad a22002295a 4500
001 L149334
008 100222e20100722xxkd f s 000 0 eng u
035 _a(Sirsi) u149334
041 _aeng
050 _a630 $2 18
110 2 _aRoyal Institution of Chartered Surveyors
_bEconomics
_95033
245 0 0 _aRICS rural land market survey Great Britain
_bH2 2009
_h[electronic resource]
260 _aLondon
_bRICS
_c2010
490 0 0 _aRICS Rural Land Market Survey Great Britain
_vSecond Half 2009
520 _aFarmland prices rebounded in H2 2009 having fallen slightly during H1 2009. Supply fell sharply in both commercial and residential farmland sectors. Demand increased in the commercial sector and stabilised in the residential. Price expectations increased but are higher in the commercial sector. Arable land prices increased by 5% from £13 085 to 13 713 per hectare. Pasture land prices increased by 4% from £11 260 to £11 718 per hectare. RICS transaction based measure (which includes a residential component where the estimated value is less than 50%) increased by 7.8% in H2 2009 from £15,199 to £16,381 per hectare.
590 _aKA
650 2 4 _aRICS RURAL LAND MARKET SURVEY GREAT BRITAIN
651 4 _aGreat Britain
_y1707-
690 _aPROPERTY-RURAL AND NATURAL ASSETS-RURAL AND NATURAL ASSET MARKET
856 4 0 _uhttps://www.rics.org/profession-standards/knowledge-and-information-services/document-delivery-and-o
_zemail [email protected] to request a copy
942 _n0
999 _c110468
_d110468